COMPILER DESIGN IN C (Record no. 216811)

MARC details
000 -LEADER
fixed length control field 00439nam a22001457a 4500
008 - FIXED-LENGTH DATA ELEMENTS--GENERAL INFORMATION
fixed length control field 260309b |||||||| |||| 00| 0 eng d
020 ## - INTERNATIONAL STANDARD BOOK NUMBER
International Standard Book Number 0-13-155045-4
100 ## - MAIN ENTRY--PERSONAL NAME
Personal name HOLUB, ALLEN I.
245 ## - TITLE STATEMENT
Title COMPILER DESIGN IN C
260 ## - PUBLICATION, DISTRIBUTION, ETC.
Place of publication, distribution, etc. ENGLEWOOD CLIFFS, NEW JERSEY
Name of publisher, distributor, etc. PRENTICE HALL
Date of publication, distribution, etc. 1990
300 ## - PHYSICAL DESCRIPTION
Extent XVIII, 924P.
650 ## - SUBJECT ADDED ENTRY
Topical term or geographic name entry element 1. COMPILERS (COMPUTER PROGRAMS) 2. C (COMPUTER PROGRAM LANGUAGE)
942 ## - ADDED ENTRY ELEMENTS (KOHA)
Source of classification or shelving scheme Library of Congress Classification
Koha item type Long Loan Book
Holdings
Withdrawn status Lost status Source of classification or shelving scheme Damaged status Not for loan Collection Home library Current library Shelving location Date acquired Inventory number Total checkouts Full call number Barcode Date last seen Copy number Price effective from Koha item type
    Library of Congress Classification     Science & Technology Kisii University Library Kisii University Library On Display 03/09/2026 111732   QA 76.76 .C65 H65 1990 A000431 03/09/2026 1 03/09/2026 Long Loan Book
    Library of Congress Classification     Science & Technology Kisii University Library Kisii University Library On Display 03/09/2026 111733   QA 76.76 .C65 H65 1990 A000438 03/09/2026 2 03/09/2026 Long Loan Book
    Library of Congress Classification     Science & Technology Kisii University Library Kisii University Library On Display 03/09/2026 111734   QA 76.76 .C65 H65 1990 A000440 03/09/2026 3 03/09/2026 Long Loan Book